Tiếng Nhật lưu loát

Uloženo v:
Podrobná bibliografie
Médium: Kniha
Vydáno: 2003
Tagy: Přidat tag
Žádné tagy, Buďte první, kdo otaguje tento záznam!
Thư viện lưu trữ: Mạng thư viện Đại học Đà Nẵng
LEADER 00418nam a22001811a 4500
001 000038749
003 15044
005 20160412021444.0
008 160412s2003 000
082 |a 4N(07)513 
245 |a Tiếng Nhật lưu loát 
260 |c 2003 
OWN |a LNN 
999 |a From the UDN01 
TYP |a Monograph 
980 |a Mạng thư viện Đại học Đà Nẵng